Elizabethan and jacobean prose: 1550-1620

שמור ב:
מידע ביבליוגרפי
מחבר ראשי: Muir, Kenneth (Author)
פורמט: ספר
שפה:אנגלית
יצא לאור: Harmondsworth Penguin Books 1956
סדרה:The Pelican Book of English Prose
נושאים:
תגים: הוספת תג
אין תגיות, היה/י הראשונ/ה לתייג את הרשומה!

MARC

LEADER 00000nam a2200000 a 4500
001 UCQ3826
003 CL-VaPUC
008 980828e19560000uk |||||||||||||||||eng|d
082 0 4 |a 820.9  |b MUI  |2 21 
100 |a Muir, Kenneth  |e author  |9 418050 
245 1 0 |a Elizabethan and jacobean prose: 1550-1620 
300 |a v 
942 |c BK 
945 |d 19980828 00:00:00  |a crobeson 
260 |a Harmondsworth  |b Penguin Books  |c 1956 
650 0 |a Literatura inglesa  |9 312907 
650 0 |a Historia y crítica   |9 257407 
583 |a last modification  |c 20171204 02:39:06  |k Rodrigo Vera 
490 0 |a The Pelican Book of English Prose 
999 |c 274339  |d 274337 
952 |0 0  |1 0  |4 0  |6 820_900000000000000_MUI_1956  |7 0  |8 A  |9 310490  |a BIBEDU  |b BIBEDU  |d 2019-11-20  |h v.1  |i 1458698  |o 820.9 MUI 1956  |p 1458698  |r 2019-11-20  |w 2019-11-20  |y BK  |k LIT